| 000 | 00589nam a22001697a 4500 | ||
|---|---|---|---|
| 008 | 160823b xxu||||| |||| 00| 0 eng d | ||
| 020 | _a9715504337 | ||
| 082 |
_22003 _aDFil 959.9059 _bB45 |
||
| 100 |
_913534 _aBernas, Joaquin G. |
||
| 245 |
_aA living constitution: _bthe abbreviated Estrada presidency/ _cJoaquin G. Bernas |
||
| 260 |
_aQuezon City: _bADMU Press, _cc2003. |
||
| 300 |
_a309 pages: _c23 cm. |
||
| 650 | 0 |
_913536 _aPhilippines, President (1998-2001: Estrada) |
|
| 650 | 0 |
_913539 _aPolitics and government _y1998-2001 _zPhilippines |
|
| 365 |
_b385.00 _cPhp. |
||
| 942 |
_2ddc _cDFIL |
||
| 999 |
_c4064 _d4064 |
||